000 00547cam a2200181 a 4500
001 000000972
005 20200929145445.0
008 871222s1960 sp a 000 p spa
040 _aDO-SdBNP
_bspa
_cBNPHU
082 _aPR861.4
_bB352v
100 1 _aBauzá, Obdulio,
_d1907-
_93417
245 1 4 _aLas voces esperadas /
_cObdulio Bauzá.
260 _aBarcelona :
_bRumbos,
_c1960.
300 _a134 p. :
_bil. ;
_c22 cm.
650 4 _aPoesía puertorriqueña
_91015
650 4 _aLiteratura puertorriqueña
_9250
910 _aCatalogación por copia / LC
999 _c959
_d959